000 01646nam0a2200301 4500
001 RU\NLR\bibl\1096949
005 20250615054159.0
010 _a5-88814-170-4
_9500
021 _aRU
_b2007-30238
_91604
035 _a(NLR Aleph) 001084059
090 _a1076739
_c1076739
100 _a20070613d2006 |||y0rusy50 ca
101 0 _arus
102 _aRU
105 _aa |||||||||
200 1 _aПравовая политика России в области железнодорожного транспорта
_e(историко-правовой аспект)
_eмонография
_eк 170-летию строительства первой железной дороги в России
_fН.В. Мишина
_gРОСЖЕЛДОР, Гос. образоват. учреждение высш. проф. образования "Рост. гос. ун-т путей сообщ." (РГУПС)
210 _aРостов-на-Дону
_cРостовский государственный университет путей сообщения
_d2006
215 _a227 с.
_cил.
_d21
_e[1] электрон. опт. диск
320 _aБиблиогр.: с. 200-226 и в подстроч. прим.
606 1 _aЖелезнодорожный транспорт
_xПравовое регулирование
_yРоссийская Федерация
_92139389
_3RU\NLR\auth\661289647
686 _aХ621.145.2
700 1 _aМишина
_bН. В.
_gНаталья Вячеславовна
_4070
801 0 _aRU
_bNLR
_c20070613
_gRCR
801 1 _aRU
_bNLR
_c20070613
830 _aавт. по кн.
942 _cBOOK
980 _aNB